WW2 A-Z #2 - Statistics

General Stats
  • This quiz has been taken 23 times
  • The average score is 21 of 26
Answer Stats
Hint Answer % Correct
A) Hitlers idea of a "master race" Aryan
95%
C) British PM who stated "I have nothing to offer but blood, toil, tears and sweat" Churchill
95%
F) Hitlers title during the Nazi regime Fuhrer
95%
K) Japanese suicide fighters Kamikaze
95%
L) German air force Luftwaffe
95%
M) Name of the US project to develop theatomic bomb Manhattan
95%
P) Japan launched a major attack on thisbase in Hawaii, bringing the US into war Pearl Harbor
95%
R) US president during much of the war Roosevelt
95%
S) Brutal battle at this city was a turning pointfor the Soviets defending against the Nazi invasion Stalingrad
95%
U) German attack submarine U Boat
95%
I) US forces famously raised the flag on thisJapanese island after a brutal battle Iwo Jima
90%
N) Code talkers from this tribal nationtranscribed messages in their language Navajo
90%
Q) Allied forces held 2 meetings in 1943 and1944 in this Canadian city Quebec
90%
W) Polish city that saw a huge revolt in the ghettofor Jewish resistance Warsaw
90%
Y) Crimean port city where an Allied conference washeld after the wars end Yalta
90%
B) German for "lightning war" Blitzkrieg
86%
D) German city firebombed by Alliedforces in February 1945 Dresden
86%
H) Japanese emperor during the war Hirohito
86%
O) Codename for the battle of Normandy Overlord
86%
E) German encryption machine Enigma
81%
V) Capital of unoccupied France from 1940-44 Vichy
81%
J) Canadian forces landed on this beachduring the D day attack Juno
76%
Z) German plan to use Soviet POWs as espionage,named after the airship Zeppelin
57%
G) Brutal battle between the US and Japanin present day Solomon islands Guadalcanal
48%
X) Unit of Jewish refugees who served as intelligencefor the British X Troop
5%
T) Joint US-British unit to capture strategic scientifictech during the wars end T Force
0%
No matching quizzes found
Score Distribution
Percent of People with Each Score
Percentile by Number Answered
Your Score History
You have not taken this quiz